000 00270nam a22001097a 4500
008 170117b xxu||||| |||| 00| 0 eng d
020 _a9780323031622
041 _aeng
080 _24TH
_a618.2
245 _aTHE HUMAN BODY IN HEALTH & DISEASE
_cPATTON, TH
942 _2udc
_cBK
999 _c3035
_d3035